ბათუმის შოთა რუსთაველის სახელმწიფო უნივერსიტეტის ბიბლიოთეკა

საქართველოს შუა საუკუნეების არქეოლოგიური ძეგლები. (ბიბ.ჩანაწერი № 36746)

000 -LEADER
fixed length control field 00777nam a2200217Ia 4500
001 - CONTROL NUMBER
control field 2683
003 - CONTROL NUMBER IDENTIFIER
control field GE_BSU
008 - FIXED-LENGTH DATA ELEMENTS--GENERAL INFORMATION
fixed length control field 181216s||||||||xx |||||||||||||| ||und||
020 ## - INTERNATIONAL STANDARD BOOK NUMBER
International Standard Book Number 9789941009631
040 ## - CATALOGING SOURCE
Transcribing agency GE_BSU
080 ## - UNIVERSAL DECIMAL CLASSIFICATION NUMBER
Universal Decimal Classification number 904(479.22)
245 ## - TITLE STATEMENT
Title საქართველოს შუა საუკუნეების არქეოლოგიური ძეგლები.
245 ## - TITLE STATEMENT
Remainder of title რამინ რამიშვილი 80.
245 ## - TITLE STATEMENT
Statement of responsibility, etc. [მთ რედ. დავით მინდორაშვილი]
260 ## - PUBLICATION, DISTRIBUTION, ETC.
Place of publication, distribution, etc. თბილისი
260 ## - PUBLICATION, DISTRIBUTION, ETC.
Date of publication, distribution, etc. 2008
300 ## - PHYSICAL DESCRIPTION
Extent 153 გვ.
653 ## - INDEX TERM--UNCONTROLLED
Uncontrolled term საქართველოს არქეოლოგიური ძეგლები;
942 ## - ADDED ENTRY ELEMENTS (KOHA)
Koha item type წიგნი
ეგზემპლარები
Withdrawn status Lost status Damaged status Not for loan Date acquired Barcode Date last seen Price effective from Koha item type
        2018-12-17 1253 2018-12-17 2018-12-17 წიგნი